| 000 | 00683nam a2200217 a 4500 | ||
|---|---|---|---|
| 005 | 20210223124833.0 | ||
| 008 | 030217s1998 es r 000 0 spa d | ||
| 020 | _a8471124343 | ||
| 035 | _aUPN01000122009 | ||
| 049 | _aCG | ||
| 050 | 4 |
_aHV1568 _bD5.78 |
|
| 245 | 0 | 0 |
_aDiscapacidad y sociedad / _ccomp. Len Barton. |
| 260 |
_aMadrid : _bMorata : _bFundación Paideia, _c[1998]. |
||
| 300 | _a283 p. | ||
| 440 | 0 |
_aPedagogía. _pEducación crítica |
|
| 534 |
_pTítulo original : _tDisability & society : emerging issues and insights |
||
| 650 | 4 |
_aSOCIOLOGIA DE LA DISCAPACIDAD _920591 |
|
| 650 | 4 | _aPERSONAS CON DISCAPACIDAD | |
| 700 | 1 |
_aBarton, Len, _ecomp. |
|
| 905 | _aLibro | ||
| 999 |
_c94211 _d94211 |
||